000 00403nam a2200169Ia 4500
008 230711s9999||||xx |||||||||||||| ||und||
020 _a978-81-317-7371-0
041 _aENG
082 _a546
_bGS-V
100 _aG.Svehla
245 0 _aVogel's qualitative inorganic analysis
250 _a7th Ed.
260 _c2012
_aNew Delhi
_bPearson
650 _aChemistry
700 _aSivasankar,B
942 _cBK
999 _c815
_d815